Normal view
MARC view
Entry Topical Term
001 - CONTROL NUMBER
- control field: 34497
003 - CONTROL NUMBER IDENTIFIER
- control field: dpl
005 - DATE AND TIME OF LATEST TRANSACTION
- control field: 20110906121241.0
008 - FIXED-LENGTH DATA ELEMENTS
- fixed length control field: 110906|||a|||||| | ||| d
040 ## - CATALOGING SOURCE
- Original cataloging agency: dpl
- Transcribing agency: dpl
150 ## - HEADING--TOPICAL TERM
- Topical term or geographic name as entry element: Poetry
670 ## - SOURCE DATA FOUND
- Source citation: Work cat.: (dpl)38720: Shashidharan, K. P. 34496, Whispering Mind ;, 2010
670 ## - SOURCE DATA FOUND
- Source citation: Work cat.: (dpl)38720: Shashidharan, K. P. 34496, Whispering Mind ;, 2010
